Documentos de trabajo de contabilidad, auditoría y responsabilidad social (Registro nro. 8466)
[ vista simple ]
| 000 -LEADER | |
|---|---|
| fixed length control field | 01077nas a2200253 454500 |
| 001 - CONTROL NUMBER | |
| control field | 14385 |
| 005 - DATE AND TIME OF LATEST TRANSACTION | |
| control field | 20260407193505.0 |
| 008 - FIXED-LENGTH DATA ELEMENTS--GENERAL INFORMATION | |
| fixed length control field | 260407s2011####ag###########|||spa#d |
| 003 - CONTROL NUMBER IDENTIFIER | |
| control field | AR-UNSa-BCEJYS |
| 040 ## - CATALOGING SOURCE | |
| Original cataloging agency | AR-UNSa-BCEJYS |
| Language of cataloging | spa |
| Transcribing agency | AR-UNSa-BCEJYS |
| 080 ## - UNIVERSAL DECIMAL CLASSIFICATION NUMBER | |
| Universal Decimal Classification number | 657 |
| Common auxiliary subdivision | Contabilidad |
| 022 ## - INTERNATIONAL STANDARD SERIAL NUMBER | |
| International Standard Serial Number | 1853-838X |
| 100 1# - MAIN ENTRY--PERSONAL NAME | |
| Personal name | Rodríguez de Ramírez, María del Carmen |
| 245 10 - TITLE STATEMENT | |
| Title | Documentos de trabajo de contabilidad, auditoría y responsabilidad social |
| 264 #1 - PRODUCTION, PUBLICATION, DISTRIBUTION, MANUFACTURE, AND COPYRIGHT NOTICE | |
| Place of production, publication, distribution, manufacture | Buenos Aires : |
| Name of producer, publisher, distributor, manufacturer | Universidad de Buenos Aires. Facultad de Ciencias Económicas |
| Date of production, publication, distribution, manufacture, or copyright notice | 2011 |
| 310 ## - CURRENT PUBLICATION FREQUENCY | |
| Current publication frequency | Frecuencia: Semestral |
| 590 ## - LOCAL NOTE (RLIN) | |
| Local note | niveau_biblio:s niveau_hierar:1 |
| 650 ## - SUBJECT ADDED ENTRY--TOPICAL TERM | |
| Topical term or geographic name entry element | CONTABILIDAD |
| 650 ## - SUBJECT ADDED ENTRY--TOPICAL TERM | |
| Topical term or geographic name entry element | Auditoría |
| 650 ## - SUBJECT ADDED ENTRY--TOPICAL TERM | |
| Topical term or geographic name entry element | Responsabilidad Social Empresaria |
| 700 1# - ADDED ENTRY--PERSONAL NAME | |
| Personal name | Universidad de Buenos Aires. Facultad de Ciencias Económicas. Centro de Investigaciones en Auditoría y Responsabilidad Social. Sección de Investigaciones Contables |
| 856 41 - ELECTRONIC LOCATION AND ACCESS | |
| Uniform Resource Identifier | <a href="https://biblioeco.unsa.edu.ar/pmb/images/revistas/Documento de trabajo de contabilidad social.jpg">https://biblioeco.unsa.edu.ar/pmb/images/revistas/Documento de trabajo de contabilidad social.jpg</a> |
| Link text | Imagen de portada |
| Electronic format type | image/jpeg |
| 942 ## - ADDED ENTRY ELEMENTS (KOHA) | |
| Koha item type | |
| Withdrawn status | Lost status | Damaged status | Not for loan | Home library | Current library | Shelving location | Date acquired | Serial enumeration / chronology | Total checkouts | Full call number | Barcode | Date last seen | Price effective from | Koha item type |
|---|---|---|---|---|---|---|---|---|---|---|---|---|---|---|
| Biblioteca Prof. Eusebio Cleto del Rey | Biblioteca Prof. Eusebio Cleto del Rey | 01/12/2015 | Año 5, Nº 10 - dic. 2015 | H657 DOC 10 | R20874 | 10/04/2026 | 10/04/2026 | Numero | ||||||
| Biblioteca Prof. Eusebio Cleto del Rey | Biblioteca Prof. Eusebio Cleto del Rey | 01/06/2015 | Año 5, Nº 9 - jun. 2015 | H657 DOC 9 | R20873 | 10/04/2026 | 10/04/2026 | Numero | ||||||
| Biblioteca Prof. Eusebio Cleto del Rey | Biblioteca Prof. Eusebio Cleto del Rey | 01/12/2014 | Año 4, Nº 8 - dic. 2014 | H657 DOC 8 | R00793 | 10/04/2026 | 10/04/2026 | Numero | ||||||
| Biblioteca Prof. Eusebio Cleto del Rey | Biblioteca Prof. Eusebio Cleto del Rey | 01/06/2014 | Año 4, Nº 7 - jun. 2014 | H657 DOC 7 | R00790 | 10/04/2026 | 10/04/2026 | Numero | ||||||
| Biblioteca Prof. Eusebio Cleto del Rey | Biblioteca Prof. Eusebio Cleto del Rey | 01/12/2013 | Año 3, Nº 6 - dic. 2013 | H657 DOC 6 | R11224 | 10/04/2026 | 10/04/2026 | Numero | ||||||
| Biblioteca Prof. Eusebio Cleto del Rey | Biblioteca Prof. Eusebio Cleto del Rey | 01/06/2013 | Año 3, Nº 5 - jun. 2013 | H657 DOC 5 | R11223 | 10/04/2026 | 10/04/2026 | Numero | ||||||
| Biblioteca Prof. Eusebio Cleto del Rey | Biblioteca Prof. Eusebio Cleto del Rey | 01/12/2012 | Año 2, Nº 4 - dic. 2012 | H657 DOC 4 | R07209 | 10/04/2026 | 10/04/2026 | Numero | ||||||
| Biblioteca Prof. Eusebio Cleto del Rey | Biblioteca Prof. Eusebio Cleto del Rey | 01/06/2012 | Año 2, Nº 3 - jun. 2012 | H657 DOC 3 | R07208 | 10/04/2026 | 10/04/2026 | Numero | ||||||
| Biblioteca Prof. Eusebio Cleto del Rey | Biblioteca Prof. Eusebio Cleto del Rey | 01/12/2011 | Año 1, Nº 2 - dic. 2011 | H657 DOC 2 | R07207 | 10/04/2026 | 10/04/2026 | Numero | ||||||
| Biblioteca Prof. Eusebio Cleto del Rey | Biblioteca Prof. Eusebio Cleto del Rey | 01/06/2011 | Año 1, Nº 1 - jun. 2011 | H657 DOC 1 | R07206 | 10/04/2026 | 10/04/2026 | Numero |